Mariners WAR Leaders by Year - Statistics

General Stats
  • This quiz has been taken 74 times
  • The average score is 28 of 48
Answer Stats
Year WAR Position Answer % Correct
2000 10.4 SS Alex Rodriguez
98%
1998 8.5 SS Alex Rodriguez
98%
2023 5.3 CF Julio Rodriguez
98%
2022 6.2 CF Julio Rodriguez
98%
2012 5.3 SP Felix Hernandez
94%
2010 7.1 SP Felix Hernandez
94%
2024 4.7 C Cal Raleigh
92%
1997 9.1 CF Ken Griffey Jr.
92%
1996 9.7 CF Ken Griffey Jr.
92%
1994 6.9 CF Ken Griffey Jr.
92%
1993 8.8 CF Ken Griffey Jr.
92%
1991 7.1 CF Ken Griffey Jr.
92%
2007 5.8 RF Ichiro Suzuki
86%
2005 3.9 RF Ichiro Suzuki
86%
2004 9.2 RF Ichiro Suzuki
86%
1995 8.6 SP Randy Johnson
86%
1992 6.5 3B Edgar Martinez
83%
1990 5.6 3B Edgar Martinez
83%
2019 3.2 3B Kyle Seager
83%
2015 5.4 3B Kyle Seager
83%
2016 7.3 2B Robinson Cano
81%
2014 6.3 2B Robinson Cano
81%
2017 4.3 DH Nelson Cruz
78%
2018 6.5 RF Mitch Haniger
73%
2021 4.4 1B Ty France
73%
2002 5.6 SP Jamie Moyer
57%
1999 6.6 SP Jamie Moyer
57%
2003 5.9 2B Bret Boone
56%
2001 8.8 2B Bret Boone
56%
2013 7.0 SP Hisashi Iwakuma
46%
2008 5.6 3B Adrian Beltre
41%
2006 5.4 3B Adrian Beltre
41%
1984 5.9 1B Alvin Davis
37%
2020 1.7 LF Dylan Moore
33%
1986 4.6 SP Mike Moore
32%
1985 6.3 SP Mike Moore
32%
2009 6.6 CF Franklin Gutierrez
27%
2011 4.2 SS Brendan Ryan
25%
1988 5.6 SP Mark Langston
22%
1987 5.9 SP Mark Langston
22%
1977 4.1 CF Ruppert Jones
13%
1982 4.7 SP Floyd Bannister
5%
1980 4.2 SP Floyd Bannister
5%
1983 5.1 SP Matt Young
3%
1978 4.4 RF Leon Roberts
2%
1979 5.1 SP Mike Parrott
2%
1989 4.5 SP Scott Bankhead
2%
1981 4.3 LF Tom Paciorek
2%
No matching quizzes found
Score Distribution
Percent of People with Each Score
Percentile by Number Answered
Your Score History
You have not taken this quiz